000 03131 a2200505 4500
001 46048
005 20260407155733.0
008 260407a2010 arg spa d
003 AR-UNSa-BCEJYS
040 _aAR-UNSa-BCEJYS
_bspa
_cAR-UNSa-BCEJYS
080 _a331.105.44
_xOrganizaciones de empleados. Sindicatos
245 1 0 _aEl movimiento obrero en disputa
_pla organización colectiva de los trabajadores, su lucha y resistencia en la Argentina del siglo XX
020 _a978-987-1599-41-7
264 1 _aBuenos Aires :
_bEdiciones CICCUS
_c2010
300 _a397 p.
_c23 cm.
505 _a1. Hegemonía empresarial y lógicas de formación corporativas: disputa para una resistencia obrera organizada / Claudia Figari - 2. Movimiento obrero y sindicalismo: contradicciones y fases de acumulación de poder durante los siglos XX y XXI / Juan Montés Cató - 3. Una reflexión sobre el rol de las comisiones internas en el sindicalismo argentino / Paula Lenguita y Paula Varela - 4. Políticas públicas y las relaciones entre capital y trabajo. Contrastes y continuidades en la posconvertibilidad a la luz de la historia argentina / Mariano Féliz y Pablo E. Pérez - 5. Reflexiones sobre conflicto social y procesos de organización de los trabajadores agrícolas en la Argentina / Matías Berger y Gabriel Bober - 6. La Juventud Obrera Católica y la dimensión religiosa del sindicalismo argentino / Aberlardo Jorge Soneira - 7. Las huellas del terrorismo de estado sobre el Movimiento obrero. Los casos de Ford y Acindar / Sebastián Guevara, Marcelo Hernández y Cynthia Rivero - 8. Reforma del Estado, privatizaciones y resistencia sindical en Argentina / Ana Drolas, Santiago Duhalde y Patricia Ventricci - 9. Organización y resistencia en las experiencias de la Unión de Desocupados de Mosconi y los trabajadores de Astilleros Río Santiago / Hernán M. Palermo, Juliana Frassa, Crstian Busto, Cecilia Rossi, y Diego Álvarez Newman - 10. Movimiento Obrero y Científicos Sociales. La construcción conjunta de conocimiento desde la experiencia del Taller de Estudios Laborales / Oscar Martínez, Julia Soul y Daniel Ximénez -
041 _aspa
942 _cBK
590 _aniveau_biblio:m niveau_hierar:0
100 1 _aLenguita, Paula
700 1 _aFigari, Claudia
700 1 _aMontes Cató, Juan
700 1 _aÁlvarez Newman, Diego
700 1 _aBerger, Matías
700 1 _aBober, Gabriel
700 1 _aBusto, Cristian
700 1 _aDrolas, Ana
700 1 _aDuhalde, Santiago
700 1 _aFéliz, Mariano
700 1 _aFrassa, Juliana
700 1 _aGiniger, Nuria
700 1 _aGuevara, Sebastián
700 1 _aHernández, Marcelo
700 1 _aMartínez, Oscar
700 1 _aPalermo, Hernán M.
700 1 _aPérez, Pablo Ernesto
700 1 _aRivero, Cynthia
700 1 _aRossi, Cecilia
700 1 _aSoneira, Abelardo José
700 1 _aSoul, Julia
700 1 _aVarela, Paula
700 1 _aVentricci, Patricia
700 1 _aXiménez, Daniel
856 4 1 _uhttps://www.biblioeco.unsa.edu.ar/pmb/images/libros/L127297.jpg
_yImagen de portada
_qimage/jpeg
999 _c4129
_d4129